000 00527nam a2200229Ia 4500
003 OSt
005 20220916111023.0
006 a|||||r|||| 00| 0
007 ta
008 220915b |||||||| |||| 00| 0 eng d
024 _a111899
037 _cTextbook
040 _beng
_aARTS
_cARTS
041 _aeng
082 _aV3:19:N5, J9
100 _aStrachey J
245 0 _aEnd of Empire
260 _c1959
650 _aHISTORY
942 _hV3:19:N5, J9
_cTB
_2CC
999 _c103534
_d103534